Culture pas trop générale (9 : manga 2) - Statistiques

Statistiques générales
  • Ce quiz a été pris 58 fois
  • Le résultat moyen est 8 sur 20
Statistiques - réponses
Hint Réponse % Correct
Quel manga de sport a fait parler de lui lors de la coupe du monde de foot 2022, du fait des bonnes performances du Japon ? Blue Lock
89%
Quel est l'équivalent du Shonen pour un public féminin ? Shojo
73%
En quelle année la parution de One Piece, manga le plus vendu de l'histoire, a-t-elle commencée ? 1997
64%
Le manga Kingdom raconte l'histoire romancée de l'unification d'un certains pays au 3e siècle avant JC, quel est ce pays ? La Chine
62%
Quel manga mettant en scène Thorfinn est en partie inspiré de faits réels ? Vinland Saga
62%
Quel Sensei légendaire dicta les codes des professeurs aux comportements légèrement dérangeants vis à vis des femmes dans de nombreux manga ? Kame Sennin
49%
De quel manga est adapté le film ayant réalisé le meilleur score de l'histoire du Box-office japonais ? Demon Slayer
44%
Quel manga, publié à l'origine sur un site internet, a connu un immense succès suite à l'adaptation dessinée par Yusuke Murata ? One Punch Man
44%
Comment s'appelle l'auteur original de ce manga, qui dessina ensuite le manga Mob Psycho ? One
36%
Après Fire Punch, quel est le second manga de Tatsuki Fujimoto, ce dernier ayant fini dans le top 10 du top Oricon en 2021, 2022 et 2023 ? Chainsaw Man
31%
Les animés Sword Art Online, Fate ou Overlord ne sont pas adaptés d'un manga mais d'un autre support, quel est-il ? Light Novel
31%
Sous quel forme les mangas sont-ils originellement publiés au Japon ? Magazine
31%
Quel manga et son auteur a fait une collaboration avec la marque de mode Gucci ? Jojo's Bizarre Adventure
29%
Quel manga, dont la parution commence en 2023, a connu une immense hype sur les réseaux sociaux avant même la parution du premier chapitre, hype lié à quelques visuels attractifs mais ayant été suivi d'une réception décevante et ayant été moqué par certains comme étant un excès de la culture de l'instant ? Kagurabachi
24%
Qui est l'auteur de Vagabond, Real et Slam Dunk ? Takehiko Inoue
22%
Quelle immense licence à succès japonaise a été adaptée en manga sous le nom 'La grande aventure' ? Pokemon
20%
Quel grand genre de manga fut repris au cinéma avec la licence Pacific Rim ? Mechas
18%
Quel est le manga le plus long de tous les temps avec 218 tomes (toujours en cours) ? Golgo 13
16%
Quel réalisateur est à l'origine des séries animés à succès Cowboy Bebop et Samourai Champloo ? Shinichirō Watanabe
4%
Quel est le manga le plus vendu dans cette catégorie ? Hana yori dango
2%
Aucun quiz correspondant
Distribution des résultats
% des personnes avec chaque résultat
Percentile par nombre de réponses
Votre historique - résultats
Vous n’avez pas pris ce quiz